000 00475nam a2200181Ia 4500
005 20250508160632.0
008 008 250505s9999 xx 000 0 eng d
037 _aTextual
040 _aFEDL
_beng
_cFEDL
041 _aeng
_2eng
084 _a824, HUX
_qFEDL
100 _aHuxley Julian
245 0 _aNew bottles for new wine
260 _aLondon, UK
_bChatto and Windus
_c1959
300 _a318p.
942 _cTEXL
_h824, HUX
999 _c1365750
_d1365750